000 01989nam0a2200361 4500
001 RU\NLR\bibl\1126223
005 20260407114151.0
010 _a978-5-93979-184-7
_9500
021 _aRU
_b2007-50462
_92669
035 _a(nilc)RSL-KNO-003151213
035 _a(NLR Aleph) 001113164
090 _a1251010
_c1251010
100 _a20070813d2007 |||y0rusy50 ca
101 0 _arus
102 _aRU
105 _ay zzzz|||||
200 1 _aЕще раз о выявлении и диагностике туберкулеза
_eдоклады научно-практической конференции, 26-27 апреля
_fпод ред. чл.-корр. РАМН Ю. Н. Левашева
210 _aСанкт-Петербург
_cЭЛБИ-СПб
_d2007
215 _a159 с.
_cил., табл.
_d21
300 _aВ надзаг.: Федеральное гос. учреждение "Санкт-Петербургский науч.-исслед. ин-т фтизиопульмонологии Федерального агентства по высокотехнологичной мед. помощи"
320 _aБиблиогр. в конце докл.
606 1 _aТуберкулез
_jСъезды, совещания и т.п.
_xДиагностика
_91462442
_3RU\NLR\auth\66311096
610 0 _aЗдравоохранение. Медицинские науки -- Фтизиатрия -- Диагностика туберкулеза -- Материалы конференции
686 _aР54-4я431(2)
_2rubbk
686 _aР54-4я431(2)
702 1 _4340
_8rus
_7ca
_aЛевашев
_bЮ. Н.
_f1939-
_gЮрий Николаевич
_3RU\NLR\auth\7788029
_970957
712 0 2 _4570
_aСанкт-Петербургский НИИ фтизиопульмонологии
_3RU\NLR\AUTH\889946450
_9388481
801 0 _aRU
_bРКП
_c20070813
_grcr
801 1 _aRU
_bРГБ
_c20070813
801 2 _aRU
_bNLR
_c20070910
_grcr
942 _cBOOK
980 _aNB